00263nam a2200097Ia 4500008004000000082001600040100003500056245002600091260004000117300000800157210210b1992 xxu||||| |||| 00| 0 eng d aT894.1 BALP aBALAKRASHNA SHETTI POLALI (A). aPengadumana kabitolu. aParkalabShri Devi Prakashanac1992 a152